| Tag |
First Indicator |
Second Indicator |
Subfields |
| LEADER |
00000cam a2200000 a 4500 |
| 001 |
in00002396049 |
| 005 |
20151109080818.0 |
| 008 |
080707s2007 akuabf b f000 0 eng c |
| 020 |
|
|
|a 9780979643224
|
| 020 |
|
|
|a 0979643228
|
| 035 |
|
|
|a (OCoLC)ocn213331262
|
| 040 |
|
|
|a UDI
|c UDI
|d UMC
|d XBM
|d AGL
|d GPO
|d MvI
|d UtOrBLW
|
| 042 |
|
|
|a pcc
|
| 043 |
|
|
|a n-us-ak
|
| 049 |
|
|
|a UDOC
|
| 070 |
0 |
|
|a F912.A54
|b R45 2007
|
| 074 |
|
|
|a 0649
|
| 086 |
0 |
|
|a I 29.58/3:M 77
|
| 090 |
|
|
|a F912.A54
|b R45 2007
|
| 100 |
1 |
|
|a Ringsmuth, Katherine Johnson.
|
| 245 |
1 |
0 |
|a Beyond the moon crater myth :
|b a new history of the Aniakchak landscape : a historic resource study for Aniakchak National Monument and Preserve /
|c Katherine Johnson Ringsmuth.
|
| 246 |
3 |
0 |
|a New history of the Aniakchak landscape
|
| 246 |
3 |
0 |
|a Historic resource study for Aniakchak National Monument and Preserve
|
| 264 |
|
1 |
|a Anchorage, Alaska :
|b U.S. Dept. of the Interior, National Park Service, Aniakchak National Monument and Preserve,
|c [2007]
|
| 300 |
|
|
|a xix, 262 pages, 24 unnumbered pages of plates :
|b illustrations (some color), maps ;
|c 28 cm.
|
| 336 |
|
|
|a text
|b txt
|2 rdacontent
|
| 337 |
|
|
|a unmediated
|b n
|2 rdamedia
|
| 338 |
|
|
|a volume
|b nc
|2 rdacarrier
|
| 490 |
1 |
|
|a Research/resources management report ;
|v AR/CRR-2277-63
|
| 500 |
|
|
|a "December 2007."
|
| 500 |
|
|
|a Shipping list number: 2008-0305-P.
|
| 500 |
|
|
|a Shipping List Date: 06/27/2008
|
| 505 |
0 |
0 |
|t A new history of the Aniakchak landscape: the challenge, the place, and purpose of study --
|t Father Hubbard's geological wonder world: perpetuating the "moon crater myth" in Aniakchak National Monument and Preserve --
|t Reflections on Working in Aniakchak /
|r by Tina Neal --
|t The living world of Aniakchak --
|t Archeology in the park - an Aniakchak journal /
|r by Brian Hoffman --
|t 1741: a brave new world begins --
|t Russian orthodoxy: bridging the old world with the new --
|t A sense of place /
|r by Patricia Partnow --
|t Incorporating Aniakchak: American fur traders, oil prospectors, and reindeer herders --
|t Aniakchak ensnared: the canned salmon industry in Ugashik, Chignik, and Aniakchak Bay --
|t The knights of woeful countenance: fox farmers, local trappers, and clam canners --
|t On the Kanatak Trail /
|r by Paul Boskoffsky --
|t Pieces of the Wind /
|r by Wendy Erd --
|t Helen Neilsen: life on a Blue Fox Island /
|r as told to Susie Pedersen --
|t Exploring the moon crater of Alaska: from foot to flight --
|t Frank Wilson's account of the 1931 eruption /
|r as told to Father Hubbard --
|t From wilderness frontier to wartime front --
|t Father Hubbard's Aniakchak legacy --
|t A dinosaur discovery in Aniakchak National Monument /
|r by Anthony Fiorillo --
|t Aniakchak: a place people do know, and have known, for a very long time! --
|t Appendix: historic properties summaries and recommendations.
|
| 504 |
|
|
|a Includes bibliographical references (pages 247-262).
|
| 650 |
|
0 |
|a Ethnology
|z Alaska
|z Alaska Peninsula.
|
| 651 |
|
0 |
|a Aniakchak National Monument and Preserve Region (Alaska)
|x History.
|
| 651 |
|
0 |
|a Alaska Peninsula (Alaska)
|x History.
|
| 651 |
|
0 |
|a Aniakchak National Monument and Preserve (Alaska)
|
| 710 |
1 |
|
|a United States.
|b National Park Service.
|
| 710 |
2 |
|
|a Aniakchak National Monument and Preserve (Agency : U.S.)
|
| 830 |
|
0 |
|a Research/resources management report (Anchorage, Alaska) ;
|v AR/CRR-2277-63.
|
| 999 |
|
|
|a MARS
|
| 999 |
f |
f |
|s b1f4da81-fdad-3886-b278-bfc2e3aa8766
|i d4de4321-2d3c-35ee-8067-8dd99c6866dd
|t 0
|
| 952 |
f |
f |
|p normal
|a Texas A&M University
|b College Station
|c Sterling C. Evans Library
|d Evans: US Documents (Annex 5th floor)
|t 0
|e I 29.58/3:M 77
|h Superintendent of Documents classification
|i unmediated -- volume
|
| 998 |
f |
f |
|a I 29.58/3:M 77
|t 0
|l Evans: US Documents (Annex 5th floor)
|